00259nam a2200097Ia 4500008004100000041000800041100002700049245003500076260003500111650001500146231219s9999 xx 000 0 und d aeng aErrunza and Devi Singh aInternational Business Finance bGlobal Business Press Delhi95  aManagement